[Event "CYCC U16U18 w"]
[Site "Sault Ste Marie CAN"]
[Date "2017.07.06"]
[Round "2.24"]
[White "Tao, Ellen"]
[Black "Botez, Andrea"]
[Result "1-0"]
[WhiteElo "1490"]
[BlackElo "1887"]
[Annotator "John Upper"]
[PlyCount "79"]
[EventDate "2017.07.06"]
[EventType "swiss"]
[EventRounds "7"]
[EventCountry "CAN"]
[SourceTitle "hb 2017"]

1. e4 d6 2. d4 g6 3. Nd2 Bg7 4. Ngf3 e5 {A rare move. More often Black
transposes to a Pirc with ...Nf6.} 5. c3 {[#] There are very few games in the
dB from this position; in them White scores the usual 54%, but Elo +190.} Nc6
6. d5 $6 {This can't be best. White closes the center and allows Black to
transpose into a KID with a very easy and fast ...f5.} (6. Bd3 $5 {and the
d-pawn doesn't hang due to Qa4+.}) (6. Bb5 $5) 6... Nce7 7. c4 a5 (7... f5) 8.
Qc2 (8. c5 $5) 8... f5 9. Bd3 Nf6 10. b3 O-O 11. Bb2 {Not as good a diagonal
as it might seem, as Black's e5 pawn now makes both Bs bad. FWIW: teleporting
White's Nd2 to c3 would help White's position a lot, making it closer to equal.
} Bd7 {[#]} 12. a4 $6 {...a4 wasn't a threat, since White could go b4 and
prepare c4-c5. But now White can't support c4-c5 with a pawn, and Black could
immediately clamp the queenside with 12 ...b6 before deciding what to do on
the kingside.} Bh6 13. h3 Rc8 14. Ba3 Nh5 $1 15. g3 {Stops ...Nf4 but weakens
the Nf3 and h3-pawn.} (15. O-O Nf4 $15) 15... Nf6 {[#]} 16. Qb2 (16. exf5 gxf5
17. g4 $1 $132) 16... fxe4 17. Nxe4 Nfxd5 $1 18. Nxe5 $1 Bg7 $1 $17 19. Qa2
Bxe5 20. cxd5 $8 {[#]} Bxa1 $2 {This "wins" the exchange, but at the cost of
handing White a strong and easy-to-play initiative against the kingside dark
squares.} (20... Bf5 $142 21. Rd1 Nxd5 22. b4 c6 $8 $19) 21. Qxa1 $13 Nf5 (
21... Nxd5 {guards f6, but steps into a pin after} 22. Bc4 c6 23. Qd4 {with
the initiative and a choice about when to take on d6.}) 22. Bb2 {[#]} Rf7 $6 (
22... c5 $1 $13 {aims to block the long diagonal with ...Nd4, even at the cost
of a center pawn.} 23. Nf6+ (23. dxc6 Bxc6 {and Black can eliminate one dark
square attacker with ...Bxe4.}) 23... Rxf6 $1 24. Bxf6 Qe8+ 25. Kd2 (25. Kf1 $2
Nxg3+ $1 26. fxg3 Qe3 $19) 25... Qf7 $15 {After missing this chance (...c5)
Black gets a long and (hopefully) memorable lesson in the power of an
uncontested B on a diagonal pointed at the K.  I suppose White might also be
getting a lesson in the same thing, although we don't usually say that about
the player who is moving the pieces; but her exchange "sac" wasn't exactly
voluntary, so both players may have walked into a position where neither one
knew that White had very good comp for the exchange, but White just happened
to be on the happy side.}) 23. O-O Ng7 24. Nf6+ Kh8 $2 ({Black hadn't
reconciled herself to how bad her position was becoming, otherwise she might
have bailed with} 24... Rxf6 $16) 25. Re1 c6 {[#]} 26. Re4 $5 (26. h4 $1 $18 {
cracking the light squares is thematic and strong, and even stops Black from
winning the h-pawn with ...Bxh3.}) 26... g5 $6 {stops Rh4, but weakens the
b1-h7 diagonal.} (26... Bf5 27. Rh4 g5 28. Bxf5 gxh4 29. Bxc8 Qxc8 30. g4 $8
$18) 27. Re1 (27. Nh5 $1 Qf8 (27... Bf5 28. Nxg7 Bxe4 29. Ne6+ $18) 28. Bxg7+
Rxg7 29. Nxg7 Qxg7 30. Qxg7+ Kxg7 31. Re7+ $18) (27. Re2) 27... Qb6 28. Bxh7 $1
Bxh3 29. Bg6 $1 {[#] Black's next look like panicky time-trouble moves, but
even with an hour on the clock there is no saving the game.} Rff8 30. Re3 Rxf6
31. Bxf6 Kg8 (31... Rg8 32. Bxg7+ Rxg7 33. Re8#) 32. Bxg7 cxd5 33. Bd4 Qc6 34.
Rc3 Qd7 35. Rxc8+ Qxc8 36. Qe1 Be6 37. Qd1 g4 38. Qd2 Kf8 39. Qh6+ Ke7 40. Qg7+
1-0

[Event "CYCC U12"]
[Site "Sault Ste Marie CAN"]
[Date "2017.07.08"]
[Round "5.54"]
[White "Huang, Patrick"]
[Black "Rusonik, Max"]
[Result "1-0"]
[WhiteElo "2003"]
[BlackElo "1846"]
[Annotator "John Upper"]
[PlyCount "83"]
[EventDate "2017.07.06"]
[EventType "swiss"]
[EventRounds "7"]
[EventCountry "CAN"]

1. e4 e5 2. d4 exd4 3. Nf3 Nc6 4. Bc4 Nf6 5. O-O Nxe4 6. Re1 d5 7. Bxd5 Qxd5 8.
Nc3 {[#]} Qa5 {The mainline. ..Qh5 and ...Qd8 are both played regularly, and ..
.Qd7!? is rare but recommended in Ntirlis's "Playing 1.e4 e5" (Quality Chess,
2017). To give an idea of how much today's players have learned from the past,
here is a simul game that goes off the rails very quickly, despite between
played by the then-reigning World Champion against a soon-to-be great:} (8...
Qd8 9. Nxe4 (9. Rxe4+ $142) 9... Be6 $6 (9... Be7 $142 $15) 10. c3 $6 (10. Nfg5
$14) 10... dxc3 $1 11. Qb3 $5 Bb4 $2 (11... Qd7 $142 $15) 12. Neg5 $1 cxb2 $2
13. Nxe6 $4 (13. Bxb2 $8 Bxe1 14. Rxe1 Qd7 15. Nxf7 $1 $40 O-O $8 16. Nh6+ $1
$13) 13... bxa1=Q $19 14. Nxd8+ Bxe1 $8 15. Nxc6 Qxc1 {and here, 16.Qe3+ would
win for White, if it weren't for 16...Qxe3. 0-1 Reti,R-Lasker,E (simul) Vienna,
1908.}) 9. Nxe4 Be6 10. Neg5 O-O-O 11. Nxe6 fxe6 12. Rxe6 {[#] There are still
over 1100 games in the Megabase from here, and Black scores over 50% with a
slight Elo minus and with about 1/3 of the games being drawn, which suggests
that White players go for this as a drawing line against higher-rated
opponents, though that couldn't be the case here, as White was clearly much
higher rated.} Be7 $5 {A rare move, recommended in Openings for Amateurs by
Pete Tamburro (Mongoose, 2017).} ({Bologan's repertorie continues:} 12... h6
13. Qe2 g5 14. Qe4 Qd5 15. Bd2 Bg7 16. Qxd5 Rxd5 17. Rg6 Rh7 $1 18. h4 gxh4 19.
Re1 Rc5 (19... Kd7 20. Re4 h3 {(0-1, 41) Kett,T (2238)-Borisek,J (2575) Novi
Sad 2009}) 20. Rc1 Rb5 {Bologan}) 13. Qe2 (13. Ne5 Nxe5 14. Rxe7 Rd7 (14...
Rhe8 15. Bd2 (15. Rxe8 Rxe8 $11 {Tamburro}) 15... Qb6 16. Rxe8 Rxe8 17. Qh5 Qg6
18. Qxg6 Nxg6 19. Kf1 c5 {½-½ Leiner,R (2379)-Ghyssens,D (2397) ICCF email,
2012.}) 15. Rxd7 Nxd7 16. Bf4 Re8 17. h3 Qf5 $6 18. Bg3 Qe4 19. Qd2 b6 20. b4
Nf6 21. Rd1 Kb7 22. a4 Qe2 23. Qxd4 Qxc2 24. a5 (24. Qa1 $1 $16) 24... Re4 25.
Qa1 Qe2 26. Rc1 Rc4 27. axb6 $4 (27. a6+ $18 Kc8 28. Re1 Qh5 (28... Qd2 29. Qe5
$18) 29. Re7 $18) 27... axb6 28. b5 Kb8 $4 (28... Rxc1+ 29. Qxc1 Qe7 $14) 29.
Re1 Qc2 30. Qa6 Re4 31. Ra1 {1-0 Tartakower,S-Tarrasch,S Gothenburg, 1920.})
13... Bf6 {This is the end of Tamburro's analysis.} 14. Bd2 {[#]} Qh5 (14... d3
$5 {Leela} 15. cxd3 Qb5 16. Bc3 Bxc3 17. bxc3 Qxd3 {Black's structure is
better.}) 15. Re1 d3 16. cxd3 Qd5 17. b4 Qxd3 18. b5 Qxe2 19. R6xe2 Nd4 {
[#] Trading the minors produces a drawn rook ending.} 20. Nxd4 Bxd4 21. Bf4
Rhf8 22. g3 Rf7 23. Bg5 Bf6 24. Bxf6 Rxf6 25. Re7 Rd7 $8 26. f4 a6 27. a4 axb5
28. axb5 Rb6 29. Re8+ Rd8 30. R8e7 Rd7 31. Re8+ Rd8 32. R8e7 Rd7 33. R7e5 Rd2
34. f5 g6 35. g4 gxf5 36. gxf5 Rh6 37. Re7 Rhxh2 38. Rg7 {[#]It's still equal,
but it's so unbalanced that it's easier to blunder than to find the only move
to save the game.} Rhe2 $4 (38... Rhf2 $4 39. Re8+ $18 {Wins the Rf2.}) (38...
b6 $2 39. f6 Kb7 40. f7 Rhf2 41. Rf1 $18) (38... Rh6 $8 39. Ree7 Rb6 40. Rxh7
Rxb5 $11) 39. Rxe2 $1 $18 Rxe2 40. f6 {The passer can't be stopped.} Kd8 41.
Rg8+ Re8 42. f7 1-0

[Event "CYCC U14"]
[Site "Sault Ste Marie CAN"]
[Date "2017.07.08"]
[Round "5.35"]
[White "Vettese, Nicholas"]
[Black "Talukdar, Rohan"]
[Result "1/2-1/2"]
[WhiteElo "2234"]
[BlackElo "2265"]
[Annotator "Fritz17 auto"]
[PlyCount "82"]
[EventDate "2017.07.06"]
[EventType "swiss"]
[EventRounds "7"]
[EventCountry "CAN"]
[SourceTitle "hb 2017"]

{[%evp 22,82,58,62,67,61,69,63,98,94,101,87,100,97,103,90,98,68,76,-30,-5,-4,4,
1,5,1,3,0,3,0,28,24,27,23,18,1,7,3,11,-39,-26,-28,-25,-46,-40,-51,-37,-72,-51,
-78,-18,-14,-9,-14,4,-35,-33,-31,-27,-29,-1,-4,-4] The following is a
well-played game between two of the top finishers. As always, I ran it through
the Fritz UI "blundercheck" feature, and... it didn't find anything worth
mentioning: no significant errors. Rather than leave it out, or turn it into
an Opening Survey, I decided to let Fritz do all the analysis, using its "Full
Analysis" feature. This, for better or worse, is what you get with (almost)
zero "expert" human input...  B76: Sicilian Dragon: Yugoslav Attack, 9 g4 and
9 0-0-0} 1. e4 c5 2. Nf3 d6 3. d4 cxd4 4. Nxd4 Nf6 5. Nc3 g6 6. Be3 Bg7 7. f3
O-O 8. Qd2 Nc6 9. g4 Nxd4 10. Bxd4 Be6 11. Nd5 Bxd5 12. exd5 Qc7 13. h4 Rac8
14. Rh2 $1 e5 {White is slightly better.} 15. dxe6 $1 fxe6 {[#]} 16. O-O-O $1
Nd5 17. Bxg7 Qxg7 18. h5 (18. Re2 Qf7 19. Re4 Rc6 20. Bb5 Rb6 21. Ba4 Nf4 22.
Bb3 d5 23. Rd4 Rc6 24. Kb1 b5 25. a4 a6 26. Rb4 Qf6 27. h5 gxh5 28. gxh5 Kh8
29. Rh1 Rb6 30. h6 e5 31. Re1 d4 32. c3 bxa4 {Oll,L (2595)-Georgiev,K (2660)
Biel 1993 CBM 037 [Georgiev,Ki] 0-1 (40)}) (18. Kb1 Rc6 19. c4 Nf4 20. Qe3 a6
21. Rhd2 Qc7 22. g5 d5 23. Qe1 Qb6 24. Rd4 Qc7 25. cxd5 exd5 26. Qd2 Qe5 27.
Re1 Qf5+ 28. Bd3 Nxd3 29. Qxd3 Qxf3 30. Qxf3 Rxf3 31. Rxd5 Rc7 32. Red1 Rf4 {
Kirchei,V (1869)-Borisova,E (2117) Moscow 2018 0-1 (53)}) 18... g5 19. h6 Qf6
20. Qd4 $146 (20. Kb1 $16 Rc6 21. c4 Nf4 22. Qd4 a6 23. Qxf6 Rxf6 24. b3 d5 25.
Kb2 {1/2-1/2 (25) Mobarhani,N (1871)-Asgharzadeh,M (1986) Arak 2017}) 20...
Qxd4 (20... Rc5 {with more complications.} 21. Be2 Qxd4 22. Rxd4 Rf4 23. Rd3
Kf7) 21. Rxd4 Rxf3 22. Bc4 Rf4 {[#]} 23. Bxd5 $1 {[%mdl 512]} exd5 24. Rxd5
Rxg4 25. Rxd6 $11 {[%mdl 4096] Endgame KRR-KRR} Rg1+ 26. Kd2 $1 g4 27. Rd7 Kh8
28. Rf2 {Intending Rff7 and mate.} Rh1 $1 29. Rg2 Rg8 30. Rxb7 Rxh6 31. Rxa7 g3
{And now ...Rh2 would win.} 32. Ra4 Rh1 {[%mdl 1024] Black has compensation.}
33. Ra6 $1 Rh3 34. Rf6 h5 35. Ke2 h4 ({Better is} 35... Re8+ $17 36. Kf3 h4)
36. Rf1 $1 Kh7 37. a4 Rb8 38. b3 Kg6 39. a5 Kg5 40. Ra1 $1 Re8+ 41. Kf3 Rf8+ {
Accuracy: White = 69%, Black = 80%.} 1/2-1/2

[Event "CYCC U16"]
[Site "Sault Ste Marie CAN"]
[Date "2017.07.07"]
[Round "3.14"]
[White "Chen, Richard"]
[Black "Liang, Hairan"]
[Result "1-0"]
[WhiteElo "2330"]
[BlackElo "2185"]
[Annotator "John Upper"]
[PlyCount "83"]
[EventDate "2017.07.06"]
[EventType "swiss"]
[EventRounds "7"]
[EventCountry "CAN"]
[SourceTitle "hb 2017"]

1. e4 c5 2. Nf3 Nc6 3. Bb5 g6 4. O-O Bg7 5. Re1 {[#]} Nf6 $5 (5... e5 $1 {
is the move Carlsen plays when facing the Bb5 anti-Sveshnikov. It is analyzed
in the Chessable opening training program "Fight Like Magnus" by the diligent
and reliable IM Christof Sielecki.}) 6. e5 Nd5 7. Nc3 Nc7 8. Bxc6 dxc6 9. Ne4
Ne6 10. d3 {[#]} O-O (10... h6 $5 {is a way to try to prevent the exchange of
DSBs that occurs in the game. After} 11. Be3 b6 12. Qd2 {Black can't castle,
but the center is clogged up enough that this shouldn't be a big problem.} g5
$5 {is a provocative way to go, e.g.} (12... Nd4 13. Bxd4 cxd4 14. Qf4 {
threatening Nxd4} c5 15. Nf6+ Kf8 $13) 13. h3 Rg8 $5 14. Ng3 Bh8 15. b4 cxb4
16. Qxb4 Rg6 17. a4 c5 18. Qe4 Rb8 19. a5 Bb7 $13 {(0-1, 45) Delgado Ramirez,N
(2574)-Martinez Duany,L (2507) Ciego de Avila, 2010.}) 11. Be3 b6 12. Qd2 {[#]}
Nd4 {Richard Palliser awarded this a ?! in his 2007 book on the Bb5
Anti-Sicilian. and recommended 12... f5 instead.} ({However, after} 12... f5
13. exf6 $8 exf6 $8 {White is still better and has a choice of continuations:}
14. Bh6 $14 (14. h4 $14)) 13. Nxd4 cxd4 14. Bh6 {[#]} Bf5 (14... c5 15. h4 (15.
Re2 $1 {preparing to double on the e-file to increase the cramping effect of
the e5-pawn (since any ...f6/f5 will hand White the open e-file). Once Black
is tied down like this, White can continue with kinside space gaining pawn
moves.}) 15... Qd5 16. Bxg7 Kxg7 17. Ng3 Bb7 18. f3 Qe6 19. b3 {½-½ Bacrot,E
(2714)-Moiseenko,A (2699) Tromsoe, 2013.}) 15. Bxg7 Kxg7 16. Ng3 Qd7 {[#] The
next part of the game is what I liked best. Black's kingside dark squares are
a bit weak, and White exploits this by bringing all his pieces to the kingside.
Then, when Black is completely tied down (move 32), White's Q makes threats
against undefended pawns in the center and queenside. Black defence against
those Q threats leaves him unprepared for White's Q return to the kingside.}
17. Qf4 (17. Qg5 Be6 (17... h6 $2 18. Nxf5+ Qxf5 19. Qxe7 $18) 18. Re4 $14 {
or Nh5+-f4.} (18. h4)) 17... c5 18. h4 Qe6 $6 {Takes away a retreat from the B.
} (18... Be6 $142) 19. f3 Rfd8 20. Qg5 $2 (20. b3 $5) (20. h5 $5) 20... Kh8 $2
{Black misses his only chance:} (20... h6 $1 21. Nxf5+ Qxf5 22. Qxe7 Rd7 $11 {
and Black gets the e-pawn back and all of White's attacking pieces are gone.})
21. Ne2 {Threatening g4, trapping the B.} Qd7 22. Nf4 {[#] A very nice square
for the N. Note that f4 is not technically an "outpost" -- an advanced square
which cannot be attacked by an opponent's pawn -- since Black's g or e-pawns
might conceivably attack the Nf4. White's next moves eliminate those
possibilties, and the N stays on f4 until Black, unable to stop Nf4-g6+-,
resigns.} Be6 23. h5 gxh5 24. Qxh5 Rg8 25. Kf2 Rg7 26. Rh1 Bf5 27. g4 Bg6 28.
Qh6 c4 29. e6 Qe8 30. Rh2 (30. dxc4 $1) 30... cxd3 31. Rah1 Qg8 32. cxd3 Rf8 {
[#] Black has "compact" development. White has everything else.} 33. Qh4 Re8
34. Qg5 Bxd3 35. Qe5 f6 36. Qxd4 Rd8 37. Qc3 Bb5 {[#]} 38. Qc2 (38. Nh5 $142
Rg6 (38... Rg5 39. Nxf6 $18) 39. Qb4 $18 {forking b5 and e7.}) 38... Rd4 39.
Kg3 Ba6 40. Qf5 Bb7 41. Rh6 Rd2 42. Qh5 $1 {[#] There's no good defence to
Ng6+, overloading the defenders. Compare with the diagram at move 32: White's
pieces have returned to their kingside attacking positions, while two of
Black's pieces are MIA.} 1-0

[Event "CAN-op"]
[Site "Sault Ste Marie CAN"]
[Date "2017.07.07"]
[Round "1"]
[White "Preotu, Razvan"]
[Black "Itkin, David"]
[Result "0-1"]
[WhiteElo "2633"]
[BlackElo "2357"]
[Annotator "John Upper"]
[PlyCount "78"]
[EventDate "2017.??.??"]
[EventType "swiss"]
[EventRounds "9"]
[EventCountry "CAN"]
[SourceTitle "ChessCanada"]
[Source "CFC"]
[SourceDate "2020.02.14"]
[SourceVersion "1"]
[SourceVersionDate "2020.02.14"]
[SourceQuality "1"]

{[%mdl 32768]} 1. e4 c6 2. d4 d5 3. e5 Bf5 4. Nf3 e6 5. Be2 {[#]The Short
System. White lets Black have a French with the "bad" c8-Bishop developed on
f5, and tries to show that the Bf5 is a either a liability (as it can be
attacked by g4 or Nh4) or no asset (if White can play around it to make its
pressure on the h7-b1 diagonal irrelevant).} c5 (5... Nd7 {is the second most
popular move, when Black continutes with ...Ne7 or ...h6, making sure Black
has minor pieces ready before breaking with ...c5.}) 6. Be3 {[#]} cxd4 (6...
Qb6 {leads to poisoned-pawn complications after} 7. Nc3 Qxb2 $5 (7... Nc6 $14)
8. Nb5 (8. Qb1 $5) 8... c4 $5 (8... Na6 9. dxc5 $16) 9. Rb1 Qxa2 10. Nc7+ Kd8
11. Nxa8 Bxc2 12. Rxb7 $5 Bxd1 13. Rxb8+ Kd7 14. Bxd1 Ne7 15. O-O h6 16. Bd2 $1
{(½-½, 44) Areshchenko,A (2702)-Jobava,B (2734) Burgas, 2012.}) 7. Nxd4 Ne7
8. c4 Nbc6 9. Nc3 Nxd4 10. Bxd4 dxc4 {[#]} 11. Bxc4 (11. Qa4+ $5 Nc6 12. O-O-O
$5 {is very provocative but may be worth investigating, since the game line
leads to a small but very comfortable plus for Black.}) 11... Nc6 12. Bb5 Be7
13. O-O O-O {Joe Gallagher says that here "Black probably has an edge as he
has the more effective minor pieces". (Starting Out: The Caro-Kann, Everyman
2011). Today's computers agree, rating it =/+ after White's next:} 14. Bxc6
bxc6 {[#]Structurally, Black is worse, with an isolated pawn on a half-open
file; but White doesn't have time to blockade and attack it before it moves to
c4 where it can support his B on d3 and put pressure on White's b2-pawn.
Meanwhile, White's problems (his DSB and e5-pawn are doing double-duty, and he
has no LSB) are long-term. Here are four tries for White, none of which change
that evaluation.} 15. f4 (15. Qa4 $6 c5 16. Be3 Qb8 $1 17. Qd7 Re8 18. Nd5 $6
Bf8 $1 19. Rad1 (19. Nc7 $4 Re7 $19) 19... exd5 20. Qxf5 d4 21. Bc1 Qxe5 $17 {
(0-1, 52) Naiditsch,A (2697)-Anand,V (2788) Mainz (rapid), 2009.}) (15. Rc1 Qb8
16. Ne2 c5 17. Bc3 Rd8 18. Qa4 Bd3 19. Rfe1 Qb5 20. Qxb5 Bxb5 21. Ba5 Rdc8 22.
Nc3 Bd3 23. Ne4 c4 24. Re3 Rcb8 25. Bc3 a5 26. g3 a4 $15 {(½- ½ , 41)
MacKinnon,K (2140)-Gerzhoy,L (2471) Canadian Open, Toronto, 2010.}) (15. Na4
$146 {looks natural, hoping for Bc5 and a trade of the DSBs, but Black keeps a
plus after:} Qa5 16. b3 Rfd8 17. Bc3 Rxd1 (17... Qa6 $5) 18. Bxa5 Rd5 19. Bc3
Rad8 20. Rac1 Ba3 $15) 15... c5 16. Be3 Qb8 (16... Rb8) 17. Qe2 c4 $1 {[#]
Black would be happy to trade the c-file iso for the N-supporting b2-pawn, and
if White doesn't take on c4, it will keep the b2-pawn under pressure (as in
the Gerzhoy game quoted above).} 18. Rfe1 Rd8 19. Rad1 Qb4 20. Rxd8+ Bxd8 {
[#] Black is better: he has the B-pair, pressure on the c-file, and can
support this c4-iso with Bd3.} 21. Rd1 Bd3 22. Qf3 Rc8 23. Rd2 Qb8 24. Qd1 Ba5
25. Qa4 Bb6 26. Bf2 Bxf2+ 27. Rxf2 Qb6 28. Qd7 Rf8 {I don't understand this
move: f7 doesn't need defending, and both ...Rd8 and ...Rb8 make more sense.
Maybe it was a transcription error?} 29. g3 Rd8 30. Qe7 Bf5 31. Kg2 Qc6+ 32.
Kg1 Qb6 33. Kg2 {[#] White indicates that he might be OK with a draw...} h6 $1
{...and Black declines!} 34. h3 Rd3 35. Re2 (35. Qe8+ Kh7 36. Qxf7 Bxh3+ $1 $19
) 35... Qc6+ 36. Kh2 Qf3 37. Rg2 {[%mdl 64] [#]Critical Position Black's
pieces surround White's K, all he needs is a move that makes the house of
cards collapse.} Kh7 $3 {Spending a tempo (and seemingly giving up a pawn) to
prevent a back-rank check and so depriving White of his only defence!} (37...
Bxh3 $2 {doesn't win when the White Q can get back to h4:} 38. Kxh3 g5 $1 (
38... Qh5+ $4 39. Qh4 $18 {a variation which shows why the white Q has to be
able to move to h4.}) 39. Kh2 Qh5+ 40. Kg1 Rd1+ {and Black can force a
perpetual.}) (37... Rxc3 $2 {doesn't work where there's a back rank check:} 38.
bxc3 Be4 39. Qd8+ Kh7 40. Qd2 $16 {Exchanges on g2 leave White's K in charge
in a winning KP ending. This variation shows that the white Q has to be able
to get back to defend g2/h1. Seeing that the white Q has two jobs explains why
...Kh7 is such a good move.}) 38. g4 (38. Qxf7 Rxc3 39. bxc3 Be4 $19 {and
there's no stopping mate on g2 or h1.}) (38. Qxa7 Bxh3 $1 $19) 38... Qxf4+ 39.
Kg1 Be4 {David Itkin scores the big upset of round 1 at the 2017 Canadian Open.
} 0-1